| 000 | 00425nam a22001697a 4500 | ||
|---|---|---|---|
| 003 | OSt | ||
| 005 | 20220201144722.0 | ||
| 008 | 220201b |||||||| |||| 00| 0 eng d | ||
| 020 | _a0-443-07213-2 | ||
| 040 |
_aDDC _cHU |
||
| 082 |
_24TH _a617.3 _b1 |
||
| 100 |
_aDAVID J.DANY _929325 |
||
| 245 | _aESSENTIAL ORTHOPAEDICS AND TRAUMA | ||
| 250 | _a4TH | ||
| 260 |
_aLONDON _bCHURCHILL LIVINGSTONE _c2003 |
||
| 942 |
_2ddc _cBOOKS _n0 |
||
| 999 |
_c28751 _d28751 |
||